[Event "Asia zt 3.2 (Women)"]
[Site "Dhaka"]
[Date "2019.03.22"]
[Round "8"]
[White "Parveen, Seyda Shabana"]
[Black "Jannatul, Ferdous"]
[Result "1-0"]
[WhiteElo "2073"]
[BlackElo "1704"]
[PlyCount "159"]
[EventDate "2019.03.15"]
[EventType "swiss"]
[EventRounds "9"]
[EventCountry "BAN"]
[SourceTitle "CBM 189 Extra"]
[Source "ChessBase"]
[SourceDate "2019.06.03"]
[SourceVersion "1"]
[SourceVersionDate "2019.06.03"]
[SourceQuality "1"]

1. d4 Nf6 2. Nf3 e6 3. g3 b6 4. Bg2 Bb7 5. 0-0 Be7 6. b3 0-0 7. Bb2 d5 8. Nbd2 Nbd7 9. c4 c5 10. e3 Rc8 11. Ne5 Qc7 12. Rc1 dxc4 13. Ndxc4 Bxg2 14. Kxg2 Qb7+ 15. Qf3 Qxf3+ 16. Nxf3 cxd4 17. Nxd4 a6 18. Rfd1 Rfd8 19. f3 Nd5 20. e4 Nb4 21. Ba3 Bc5 22. Bxb4 Bxb4 23. Nc2 Be7 24. e5 Nc5 25. Nxb6 Rb8 26. Nc4 Nd3 27. Rb1 f6 28. exf6 gxf6 29. Ne1 Nb4 30. a3 Nd5 31. Rd3 Rdc8 32. Rbd1 Kf7 33. f4 Rc7 34. f5 Rd7 35. Kf3 Rbd8 36. fxe6+ Kxe6 37. Nc2 Kf7 38. N2e3 Nxe3 39. Kxe3 Bc5+ 40. Ke2 Rxd3 41. Rxd3 Rxd3 42. Kxd3 Ke6 43. b4 Bg1 44. h3 f5 45. g4 fxg4 46. hxg4 Kd5 47. a4 Ba7 48. Na5 Bb6 49. Nc4 Ba7 50. Nd2 h6 51. Nf3 Bb6 52. Nd2 Bg1 53. Nc4 Ba7 54. Nd2 Bg1 55. Ne4 Bd4 56. Ng3 Ba7 57. Nf5 Ke5 58. Nxh6 Kf4 59. Kc4 Kg5 60. Nf7+ Kxg4 61. Nd6 Kf4 62. Kd5 Ke3 63. Kc4 Kf4 64. Nc8 Bf2 65. Nd6 Ke5 66. Nb7 Bb6 67. Nc5 Kd6 68. Nxa6 Kc6 69. Nc5 Bd8 70. Ne6 Bh4 71. Nd4+ Kb6 72. Nb3 Bd8 73. a5+ Ka6 74. Nc5+ Ka7 75. Kb5 Bc7 76. Kc6 Bh2 77. b5 Bg3 78. b6+ Ka8 79. Na6 Bf2 80. b7+ 1-0

[Event "Olympiad Women-38"]
[Site "Dresden"]
[Date "2008.11.23"]
[Round "10"]
[White "Fries, Elisabeth"]
[Black "Parveen, Seyda Shabana"]
[Result "0-1"]
[WhiteElo "1738"]
[BlackElo "2079"]
[PlyCount "60"]
[EventDate "2008.11.13"]
[EventType "team-swiss"]
[EventRounds "11"]
[EventCountry "GER"]
[SourceTitle "CBM 128"]
[Source "ChessBase"]
[SourceDate "2009.01.28"]
[SourceVersion "1"]
[SourceVersionDate "2009.01.28"]
[SourceQuality "1"]
[WhiteTeam "IBCA (W)"]
[BlackTeam "Bangladesh (W)"]
[BlackTeamCountry "BAN"]

1. d4 Nf6 2. Nf3 e6 3. c4 Bb4+ 4. Bd2 Qe7 5. a3 Bxd2+ 6. Nbxd2 d6 7. e3 Nbd7 8. Qc2 b6 9. Bd3 Bb7 10. 0-0 0-0 11. Rfe1 c5 12. b4 cxd4 13. exd4 Rac8 14. Qb3 Qd8 15. Ne4 Nxe4 16. Bxe4 Bxe4 17. Rxe4 d5 18. cxd5 Nf6 19. Rh4 Qxd5 20. Qxd5 Nxd5 21. Re4 Rc2 22. Kf1 Rfc8 23. Ree1 h6 24. Red1 Nf4 25. g3 Nd5 26. Ke1 Nc3 27. Rdc1 Ne4 28. Rxc2 Rxc2 29. Ne5 Nxf2 30. Kf1 Nh3 0-1

[Event "Olympiad Women-38"]
[Site "Dresden"]
[Date "2008.11.20"]
[Round "7"]
[White "Milovic, Aleksandra"]
[Black "Parveen, Seyda Shabana"]
[Result "1-0"]
[WhiteElo "2176"]
[BlackElo "2079"]
[PlyCount "73"]
[EventDate "2008.11.13"]
[EventType "team-swiss"]
[EventRounds "11"]
[EventCountry "GER"]
[SourceTitle "CBM 128"]
[Source "ChessBase"]
[SourceDate "2009.01.28"]
[SourceVersion "1"]
[SourceVersionDate "2009.01.28"]
[SourceQuality "1"]
[WhiteTeam "Montenegro (W)"]
[BlackTeam "Bangladesh (W)"]
[WhiteTeamCountry "MNE"]
[BlackTeamCountry "BAN"]

1. e4 e5 2. Nf3 Nf6 3. d4 Nxe4 4. Bd3 d5 5. dxe5 Nc5 6. 0-0 Be7 7. Nc3 c6 8. Nd4 Nxd3 9. Qxd3 0-0 10. f4 f6 11. Bd2 Na6 12. a3 Nc5 13. Qe2 Qb6 14. Kh1 Ne4 15. Nxe4 Qxd4 16. exf6 Bxf6 17. Nxf6+ Qxf6 18. Bb4 Rd8 19. Rae1 Qf7 20. f5 Bxf5 21. Qe5 c5 22. Rxf5 Qd7 23. Bxc5 Re8 24. Qxd5+ Qxd5 25. Rxe8+ Rxe8 26. Rxd5 b6 27. Bg1 Re2 28. h3 Rxc2 29. Bd4 Rc7 30. Kg1 Kf7 31. Kf2 Ke6 32. Rd8 Kf5 33. Kf3 h5 34. Rd6 h4 35. Rd5+ Kg6 36. Kg4 Rc2 37. Rg5+ 1-0

[Event "Olympiad Women-36"]
[Site "Mallorca"]
[Date "2004.10.24"]
[Round "9.1"]
[White "Connolly, Suzanne"]
[Black "Parveen, Seyda Shabana"]
[Result "1/2-1/2"]
[WhiteElo "2076"]
[BlackElo "2139"]
[PlyCount "26"]
[EventDate "2004.10.15"]
[EventType "team-swiss"]
[EventRounds "14"]
[EventCountry "ESP"]
[SourceTitle "CBM 102 Extra"]
[Source "ChessBase"]
[SourceDate "2004.11.03"]
[SourceVersion "1"]
[SourceVersionDate "2004.11.03"]
[SourceQuality "1"]
[WhiteTeam "Ireland (W)"]
[BlackTeam "Bangladesh (W)"]
[WhiteTeamCountry "IRL"]
[BlackTeamCountry "BAN"]

1. e4 e5 2. Nf3 Nf6 3. Nxe5 d6 4. Nf3 Nxe4 5. d4 d5 6. Bd3 Be7 7. 0-0 Nc6 8. c3 Bg4 9. Re1 f5 10. Nbd2 0-0 11. Qb3 Kh8 12. Qxb7 Rf6 13. Qb3 Rg6 1/2-1/2

[Event "Olympiad Women-36"]
[Site "Mallorca"]
[Date "2004.10.18"]
[Round "4.2"]
[White "Parveen, Seyda Shabana"]
[Black "Stolarczyk, Anna"]
[Result "1/2-1/2"]
[WhiteElo "2139"]
[BlackElo "2006"]
[PlyCount "56"]
[EventDate "2004.10.15"]
[EventType "team-swiss"]
[EventRounds "14"]
[EventCountry "ESP"]
[SourceTitle "EXT 2005"]
[Source "ChessBase"]
[SourceDate "2004.11.15"]
[SourceVersion "1"]
[SourceVersionDate "2004.11.15"]
[SourceQuality "1"]
[WhiteTeam "Bangladesh (W)"]
[BlackTeam "IBCA (W)"]
[WhiteTeamCountry "BAN"]

1. d4 d5 2. Nf3 Nf6 3. g3 c6 4. Bg2 Bf5 5. 0-0 h6 6. c4 e6 7. b3 Nbd7 8. Bb2 Be7 9. Nc3 Ne4 10. Nxe4 Bxe4 11. Nd2 Bxg2 12. Kxg2 0-0 13. a3 Nf6 14. Qc2 Qc7 15. Rac1 Rac8 16. b4 a5 17. c5 axb4 18. axb4 b5 19. Ra1 Ra8 20. Rfb1 Qb7 21. Nb3 Rxa1 22. Rxa1 Ra8 23. Qb1 Nd7 24. f3 Nb8 25. e4 Bd8 26. Rxa8 Qxa8 27. Qa1 Qxa1 28. Bxa1 Kf8 1/2-1/2

[Event "Olympiad Women-35"]
[Site "Bled"]
[Date "2002.11.04"]
[Round "9.2"]
[White "Parveen, Seyda Shabana"]
[Black "Borsuk, Angela"]
[Result "1/2-1/2"]
[WhiteElo "2124"]
[BlackElo "2255"]
[PlyCount "49"]
[EventDate "2002.10.26"]
[EventType "team-swiss"]
[EventRounds "14"]
[EventCountry "SLO"]
[SourceTitle "EXT 2003"]
[Source "ChessBase"]
[SourceDate "2002.11.25"]
[SourceVersion "1"]
[SourceVersionDate "2002.11.25"]
[SourceQuality "1"]
[WhiteTeam "Bangladesh (W)"]
[BlackTeam "Israel (W)"]
[WhiteTeamCountry "BAN"]
[BlackTeamCountry "ISR"]

1. d4 d6 2. g3 e5 3. dxe5 dxe5 4. Qxd8+ Kxd8 5. Nf3 f6 6. Bg2 c6 7. 0-0 Bf5 8. c4 Nd7 9. b3 a5 10. Nc3 Ne7 11. Rd1 Nc8 12. Bb2 Ncb6 13. Nh4 Be6 14. Ne4 Kc7 15. Rac1 a4 16. Nc3 axb3 17. axb3 Nc5 18. Nd5+ Nxd5 19. cxd5 Bd7 20. dxc6 Bxc6 21. b4 Nb3 22. Rc4 Kb6 23. Bxc6 bxc6 24. Rd3 Kb5 25. Rc2 1/2-1/2

[Event "Dhaka New White Plus op"]
[Site "Dhaka"]
[Date "2002.04.05"]
[Round "7"]
[White "Parveen, Seyda Shabana"]
[Black "Abu Sufian, Sakil"]
[Result "1/2-1/2"]
[WhiteElo "2113"]
[BlackElo "2219"]
[PlyCount "61"]
[EventDate "2002.03.30"]
[EventType "swiss"]
[EventRounds "11"]
[EventCountry "BAN"]
[SourceTitle "CBM 087 Extra"]
[Source "ChessBase"]
[SourceDate "2002.05.03"]
[SourceVersion "2"]
[SourceVersionDate "2002.08.09"]
[SourceQuality "1"]

1. d4 Nf6 2. g3 c5 3. Nf3 cxd4 4. Nxd4 d5 5. Bg2 e5 6. Nb3 h6 7. 0-0 Nc6 8. c4 Be6 9. cxd5 Nxd5 10. Bd2 Be7 11. Nc3 0-0 12. Nxd5 Bxd5 13. Bc3 Bxg2 14. Kxg2 Qb6 15. e3 Rfd8 16. Qg4 a5 17. Nd2 Bb4 18. Nc4 Qc5 19. a4 Bxc3 20. bxc3 Rd3 21. Rab1 f5 22. Qg6 Qd5+ 23. e4 Qxe4+ 24. Kg1 Nd8 25. Qe8+ Kh7 26. Nxe5 Rd6 27. Rbe1 Qd5 28. c4 Qe6 29. Nf3 Qxc4 30. Nh4 Qg4 31. Re7 1/2-1/2

[Event "Olympiad Women-33"]
[Site "Elista"]
[Date "1998.10.06"]
[Round "8"]
[White "Parveen, Seyda Shabana"]
[Black "Macek, Vlasta"]
[Result "0-1"]
[WhiteElo "2100"]
[BlackElo "2225"]
[PlyCount "146"]
[EventDate "1998.09.29"]
[EventType "team-swiss"]
[EventRounds "13"]
[EventCountry "RUS"]
[SourceTitle "CBM 066 Extra"]
[Source "ChessBase"]
[SourceDate "1998.11.06"]
[SourceVersion "1"]
[SourceVersionDate "1998.11.06"]
[SourceQuality "1"]

1. d4 d5 2. g3 c6 3. Bg2 Bf5 4. Nf3 Nf6 5. 0-0 e6 6. c4 Nbd7 7. cxd5 exd5 8. Nh4 Be6 9. Nc3 Nb6 10. Re1 Be7 11. e4 dxe4 12. Nxe4 Nxe4 13. Rxe4 Nd5 14. Nf3 0-0 15. Bd2 Bf6 16. Bc3 Qc7 17. Ne5 Rfe8 18. f4 Rad8 19. Qh5 g6 20. Qh6 Bg7 21. Qh4 c5 22. Ree1 Nxc3 23. bxc3 cxd4 24. cxd4 Qb6 25. Kh1 Rxd4 26. Nf3 Rb4 27. Rad1 h6 28. a3 Rb2 29. g4 Rc8 30. Ne5 Qf2 31. Qxf2 Rxf2 32. Kg1 Rxf4 33. Nxg6 fxg6 34. Rxe6 Rxg4 35. Kh1 Rc7 36. Bd5 Kh7 37. Re8 h5 38. Bg8+ Kh6 39. Bd5 b6 40. Be4 Rc4 41. Bb1 Rcd4 42. Rc1 Rd6 43. Re7 Bb2 44. Rf1 a5 45. a4 Rxa4 46. Re2 Bg7 47. h3 Rad4 48. Ree1 a4 49. Rg1 Rd2 50. Rg3 g5 51. Rge3 Bf6 52. Bf5 Rd1 53. Rxd1 Rxd1+ 54. Kg2 Rd6 55. Kf3 Bb2 56. Re7 Bg7 57. Ra7 b5 58. Ra5 Rb6 59. Bd3 b4 60. Rxa4 b3 61. Ra6 Rxa6 62. Bxa6 b2 63. Bd3 Bc3 64. Bb1 Kg7 65. Ke4 Kf6 66. Kd3 Be5 67. Ke4 g4 68. hxg4 hxg4 69. Ba2 Bb8 70. Bb1 Kg5 71. Ke3 Kh4 72. Kf2 Kh3 73. Bf5 Kh2 0-1

[Event "Olympiad Women-33"]
[Site "Elista"]
[Date "1998.10.04"]
[Round "6"]
[White "Hitzgerova, Gabriela"]
[Black "Parveen, Seyda Shabana"]
[Result "1-0"]
[WhiteElo "2210"]
[BlackElo "2100"]
[PlyCount "101"]
[EventDate "1998.09.29"]
[EventType "team-swiss"]
[EventRounds "13"]
[EventCountry "RUS"]
[SourceTitle "CBM 066 Extra"]
[Source "ChessBase"]
[SourceDate "1998.11.06"]
[SourceVersion "1"]
[SourceVersionDate "1998.11.06"]
[SourceQuality "1"]

1. e4 e5 2. Nf3 Nf6 3. Nxe5 d6 4. Nf3 Nxe4 5. d4 d5 6. Bd3 Nc6 7. 0-0 Be7 8. c4 Nf6 9. cxd5 Nxd5 10. Nc3 0-0 11. h3 Be6 12. Ne4 h6 13. a3 Nf6 14. Nc3 Re8 15. Bc2 a6 16. Be3 Bc4 17. Re1 Bf8 18. b3 Bd5 19. Nxd5 Qxd5 20. b4 Rad8 21. Qd3 Qd7 22. Rad1 Qd6 23. Bb3 Nd5 24. Qc4 Qf6 25. Bc1 Nb6 26. Qc3 Rxe1+ 27. Rxe1 Bd6 28. Ne5 Rf8 29. Nxc6 bxc6 30. Qd3 Bf4 31. Bc2 g6 32. Bxf4 Qxf4 33. Bb3 Kg7 34. Qe3 Qxe3 35. fxe3 f5 36. Rc1 Rf6 37. Kf2 Rd6 38. Rc5 Kf6 39. Ra5 Kg5 40. g3 Nd7 41. Rxa6 c5 42. Rxd6 cxd6 43. dxc5 dxc5 44. b5 Nb6 45. a4 c4 46. Bc2 Kf6 47. a5 Nd7 48. b6 Nc5 49. b7 Na6 50. Ba4 c3 51. Ke2 1-0

[Event "Madras zt (Women)"]
[Site "Madras"]
[Date "1995.??.??"]
[Round "6"]
[White "Parveen, Seyda Shabana"]
[Black "Amarawickrama, N."]
[Result "1-0"]
[WhiteElo "2145"]
[BlackElo "2000"]
[PlyCount "160"]
[EventDate "1995.??.??"]
[EventType "tourn"]
[EventRounds "9"]
[EventCountry "IND"]
[SourceTitle "EXT 1997"]
[Source "ChessBase"]
[SourceDate "1996.11.15"]
[SourceVersion "1"]
[SourceVersionDate "1996.11.15"]
[SourceQuality "1"]

1. d4 Nf6 2. g3 g6 3. Bg2 Bg7 4. c4 d6 5. Nf3 0-0 6. 0-0 Nbd7 7. Nc3 e5 8. dxe5 dxe5 9. Qc2 c6 10. Rd1 Qc7 11. b3 a6 12. Ba3 c5 13. Bb2 Re8 14. Ng5 h6 15. Nge4 Nxe4 16. Nxe4 Nf6 17. Nd6 Re7 18. Rd2 Ne8 19. Rad1 Nxd6 20. Rxd6 Bf5 21. Qd2 Kh7 22. Bc3 Rae8 23. e4 Bg4 24. f3 Be6 25. Ba5 Qc8 26. Bd8 Bf8 27. Bf1 f5 28. Bxe7 Bxe7 29. Rxe6 Qxe6 30. Qd7 Qf7 31. Qxb7 Kh8 32. Rd7 f4 33. Kg2 fxg3 34. hxg3 Qf6 35. Be2 g5 36. Rc7 h5 37. Rc8 Rxc8 38. Qxc8+ Kg7 39. Qd7 h4 40. gxh4 gxh4 41. Qg4+ Qg5 42. Qxg5+ Bxg5 43. Kh3 Kg6 44. Kg4 a5 45. Bf1 Kf6 46. Kh5 Bd2 47. Kxh4 Bg5+ 48. Kg4 Be3 49. Bh3 Bd2 50. Kh4 Bg5+ 51. Kg4 Be3 52. Kh4 Bg5+ 53. Kh5 Be3 54. Bc8 Bd2 55. Kg4 Bf4 56. Bb7 Be3 57. Bd5 Bf4 58. Kh3 Kg5 59. Kg2 Be3 60. Kf1 Kf6 61. Ke2 Bd4 62. Kd3 Bb2 63. Ke2 Bd4 64. Kf1 Be3 65. Kg2 Kg5 66. Kg3 Kf6 67. Kg4 Bf4 68. a3 Be3 69. Bg8 Bd2 70. Kg3 Be1+ 71. Kg2 Bd2 72. Kf2 Bc3 73. Ke3 Bd4+ 74. Kd3 Ke7 75. b4 cxb4 76. axb4 axb4 77. f4 Bb2 78. f5 Bd4 79. Kc2 Bc5 80. Kb3 Kd6 1-0

[Event "Madras zt (Women)"]
[Site "Madras"]
[Date "1995.??.??"]
[Round "1"]
[White "Vijayalakshmi, Subbaraman"]
[Black "Parveen, Seyda Shabana"]
[Result "1-0"]
[WhiteElo "2000"]
[BlackElo "2105"]
[PlyCount "81"]
[EventDate "1995.??.??"]
[EventType "tourn"]
[EventRounds "9"]
[EventCountry "IND"]
[SourceTitle "EXT 1997"]
[Source "ChessBase"]
[SourceDate "1996.11.15"]
[SourceVersion "1"]
[SourceVersionDate "1996.11.15"]
[SourceQuality "1"]

1. c4 c5 2. Nc3 Nc6 3. g3 g6 4. Bg2 Bg7 5. e3 d6 6. Nge2 Nf6 7. 0-0 0-0 8. d3 Rb8 9. b3 Bf5 10. Bb2 Nb4 11. e4 Bd7 12. Rb1 Ng4 13. a3 Nc6 14. h3 Nf6 15. Nd5 e5 16. Nec3 Nxd5 17. Nxd5 Ne7 18. b4 Nxd5 19. cxd5 cxb4 20. axb4 Qb6 21. Bc1 a6 22. Be3 Qd8 23. Qd2 Bb5 24. Rfc1 Qd7 25. Rc3 Rbc8 26. Rbc1 Rxc3 27. Qxc3 f5 28. Kh2 f4 29. Bb6 fxg3+ 30. fxg3 Bh6 31. Rc2 Bg5 32. h4 Bf6 33. Bh3 Qe7 34. Qd2 Qg7 35. Rc7 Be7 36. Be3 Qf6 37. Bg5 Qf2+ 38. Qxf2 Rxf2+ 39. Kg1 Rf3 40. Bxe7 Rxg3+ 41. Kh2 1-0

[Event "Olympiad Women-31"]
[Site "Moscow"]
[Date "1994.12.08"]
[Round "7"]
[White "Makropoulou, Marina"]
[Black "Parveen, Seyda Shabana"]
[Result "1-0"]
[WhiteElo "2280"]
[BlackElo "2115"]
[PlyCount "71"]
[EventDate "1994.12.01"]
[EventType "team-swiss"]
[EventRounds "14"]
[EventCountry "RUS"]
[SourceTitle "EXT 2019"]
[Source "ChessBase"]
[SourceDate "2018.10.10"]
[SourceVersion "1"]
[SourceVersionDate "2018.10.10"]
[SourceQuality "1"]
[WhiteTeam "Greece (W)"]
[BlackTeam "Bangladesh (W)"]
[WhiteTeamCountry "GRE"]
[BlackTeamCountry "BAN"]

1. e4 c5 2. Nf3 Nc6 3. d4 cxd4 4. Nxd4 Qc7 5. Be2 e6 6. Nc3 a6 7. 0-0 b5 8. Nxc6 Qxc6 9. Bf3 Bb7 10. Re1 d6 11. a4 bxa4 12. Rxa4 e5 13. Rb4 Nf6 14. Bg5 Be7 15. Qd3 0-0 16. Bxf6 Bxf6 17. Nd5 Bd8 18. Rb6 Qd7 19. Bg4 Qxg4 20. Rxb7 Qe6 21. Ne3 g6 22. Rd1 Bg5 23. Nd5 Rfb8 24. Rxb8+ Rxb8 25. b4 Rc8 26. Ra1 f5 27. Rxa6 f4 28. c3 Rf8 29. f3 Bd8 30. Qb5 g5 31. Qc6 Qh6 32. Qxd6 Qh4 33. Qe6+ Kh8 34. Ra1 g4 35. Qxg4 Qh6 36. Kh1 1-0

[Event "Olympiad Women-30"]
[Site "Manila"]
[Date "1992.06.18"]
[Round "10"]
[White "Parveen, Seyda Shabana"]
[Black "Baumann, Claude"]
[Result "1/2-1/2"]
[WhiteElo "2105"]
[BlackElo "2085"]
[PlyCount "95"]
[EventDate "1992.06.07"]
[EventType "team-swiss"]
[EventRounds "14"]
[EventCountry "PHI"]
[SourceTitle "EXT 2019"]
[Source "ChessBase"]
[SourceDate "2018.10.10"]
[SourceVersion "1"]
[SourceVersionDate "2018.10.10"]
[SourceQuality "1"]
[WhiteTeam "Bangladesh (W)"]
[BlackTeam "Switzerland (W)"]
[WhiteTeamCountry "BAN"]
[BlackTeamCountry "SUI"]

1. d4 Nf6 2. Nf3 g6 3. g3 Bg7 4. Bg2 0-0 5. 0-0 d6 6. b3 Nbd7 7. Bb2 c6 8. c4 a5 9. Nc3 Re8 10. e4 e5 11. dxe5 dxe5 12. Qc2 Qc7 13. Rad1 Nf8 14. Ba3 Bg4 15. Bd6 Qc8 16. Na4 N6d7 17. Bxf8 Bxf8 18. h3 Be6 19. Ng5 Rb8 20. Nxe6 Rxe6 21. Qd2 b5 22. cxb5 cxb5 23. Nc3 Bb4 24. Qxd7 Qxd7 25. Rxd7 Bxc3 26. Rc7 b4 27. Rd1 Bd4 28. Bf1 Rd8 29. Kg2 Rf6 30. f3 Rfd6 31. Bc4 R6d7 32. Rxd7 Rxd7 33. f4 Rc7 34. Kf3 a4 35. fxe5 Bxe5 36. Rd5 Bc3 37. Ra5 a3 38. Ra8+ Kg7 39. g4 Rd7 40. Bd5 h6 41. Rb8 f5 42. gxf5 gxf5 43. Rb7 Rxb7 44. Bxb7 Kf6 45. exf5 Kxf5 46. Ke3 Ke5 47. Kd3 Kf4 48. Bc8 1/2-1/2